00355 2200145 4500245005900000250001100059100003200070650001600102650001700118005001900135260001800154041001400172084001400186336000900200 aSimfoni PertumbuhancQias Baihaqi Surya SutrisnohText aCet. 1 aQias Baihaqi Surya Sutrisno aKarya Siswa aAutobiografi a20250520141439 aJakartac2025 aIndonesia a081 QIA s atext